00878nam a2200205 a 450000100100000000500170001000800410002704000250006808200190009311000700011224500550018226000740023730000350031165000480034665100480039470000590044291000370050195201170053899900170065500004586720240229073938.0150525s1949 dr ac 000 0 spa d aDO-SdBNPbspacBNPHU a353.035bR426m1 aRepública Dominicana.bPresidente (1930-1961 : Trujillo)97394010aMessage to the congress of the Dominican Republic. aCiudad Trujillo, República Dominicana :bEditora del Caribe,c1949. a16 p. :bil., retrs. ;c23 cm. 4aPresidentezEstados UnidosxMensajes973941 4aEstados UnidosxPolítica Y Gobierno9543612aTrujillo Molina, Rafael Leónidas,d 1891-1961976764 aValidado. Control de calidad MFF 001050718RVaPDbPDcCTd2015-05-25iLF1l0o353.035 R426mp45867-10r2020-06-25w2020-06-25y1ZNo se presta c45356d45356